[Event "C.to Provinciale BG"]
[Site "Bergamo ITA"]
[Date "2006.11.10"]
[Round "6"]
[White "Mora, Paolo"]
[Black "Bassis, Ivano"]
[Result "0-1"]
[WhiteElo "2260"]
[BlackElo "2023"]
[PlyCount "58"]
[EventDate "2006.10.06"]

1. e4 d5 2. exd5 Qxd5 3. Nf3 Nf6 4. d4 Bg4 5. Be2 Nc6 6. O-O O-O-O 7. Be3 e6 8.
Nbd2 Be7 9. c4 Qf5 10. a3 Bxf3 11. Nxf3 Ng4 12. b4 Bf6 13. Qa4 Nxe3 14. fxe3
Qe4 15. Qb3 Rxd4 16. b5 Na5 17. Qb4 Qxe3+ 18. Kh1 Rf4 19. Qxa5 Bxa1 20. Rxa1
Qxe2 21. Qxa7 Rxf3 22. gxf3 Qxf3+ 23. Kg1 Rd8 24. Qa8+ Kd7 25. Qa4 Ke7 26. Rf1
Qe3+ 27. Kh1 Rd2 28. Qb4+ Ke8 29. c5 Qe2 0-1

[Event "C.to Provinciale BG"]
[Site "Bergamo ITA"]
[Date "2006.11.10"]
[Round "6"]
[White "Ranfagni, Stefano"]
[Black "Valsecchi, Alessio"]
[Result "1/2-1/2"]
[WhiteElo "2037"]
[BlackElo "2030"]
[PlyCount "139"]
[EventDate "2006.10.06"]

1. e4 g6 2. d4 Bg7 3. Nc3 c5 4. Nf3 cxd4 5. Nxd4 Nc6 6. Be3 Nf6 7. Be2 O-O 8.
O-O d6 9. Qd2 Bd7 10. Kh1 Nxd4 11. Bxd4 Bc6 12. Bf3 Nd7 13. Bxg7 Kxg7 14. Qe3
Qb6 15. Qxb6 Nxb6 16. Be2 a6 17. Rad1 Rac8 18. Rd2 Nd7 19. f4 b5 20. a3 Nc5 21.
Bf3 a5 22. e5 b4 23. axb4 axb4 24. Nd5 Bxd5 25. Bxd5 e6 26. Bf3 d5 27. Rd4 Rb8
28. g4 Rfc8 29. Ra1 Nd7 30. Bd1 g5 31. Ra7 Rd8 32. f5 exf5 33. e6 fxe6 34. gxf5
Kf6 35. fxe6 Kxe6 36. Ra4 b3 37. c3 Nc5 38. Ra7 Ra8 39. Bg4+ Kf6 40. Rxa8 Rxa8
41. Rxd5 Ne4 42. Bf3 Nxc3 43. Rxg5 Kxg5 44. Bxa8 Kf4 45. Kg2 Nd1 46. Kf1 Ke5
47. Ke1 Nxb2 48. Kd2 Nc4+ 49. Kc3 b2 50. Kc2 Kd4 51. Bb7 Ke3 52. Ba6 Nd2 53.
Kxb2 Nf3 54. h3 h5 55. Kc3 Ng5 56. Bc8 Ne4+ 57. Kc2 h4 58. Kd1 Kf2 59. Bf5 Nd6
60. Be6 Nb5 61. Bd7 Nd4 62. Kd2 Nf3+ 63. Kd1 Kg3 64. Ke2 Ne5 65. Bc8 Nf3 66.
Kf1 Kh2 67. Kf2 Ng5 68. Bg4 Nxh3+ 69. Bxh3 Kxh3 70. Kg1 1/2-1/2

[Event "C.to Provinciale BG"]
[Site "Bergamo ITA"]
[Date "2006.11.10"]
[Round "6"]
[White "Riva, Carlo"]
[Black "Oteri, Aldo"]
[Result "0-1"]
[WhiteElo "1601"]
[BlackElo "1954"]
[PlyCount "82"]
[EventDate "2006.10.06"]

1. d4 Nf6 2. Bf4 d5 3. h3 e6 4. Nd2 c5 5. Ngf3 Nc6 6. c3 Bd6 7. Bxd6 Qxd6 8.
dxc5 Qxc5 9. e3 O-O 10. Bd3 Rd8 11. Qc2 e5 12. O-O e4 13. Nb3 Qe7 14. Bxe4 dxe4
15. Nfd4 Bd7 16. Nxc6 Bxc6 17. Nd4 Rac8 18. a4 Nd7 19. f4 Nc5 20. g4 Qh4 21.
Nf5 Qxh3 22. Ne7+ Kf8 23. Nxc8 Qxe3+ 24. Qf2 Qxf2+ 25. Rxf2 Rxc8 26. Rd2 Nd3
27. f5 Ne5 28. Rg2 Rd8 29. Kf1 e3 30. Rg3 Bf3 31. Rxf3 Nxf3 32. Ke2 Ne5 33.
Kxe3 Nxg4+ 34. Kf4 h5 35. Kg5 g6 36. fxg6 Rd5+ 37. Kh4 fxg6 38. Rf1+ Kg7 39.
Re1 Rd2 40. Re7+ Kh6 41. Rxb7 Rd3 0-1

[Event "C.to Provinciale BG"]
[Site "Bergamo ITA"]
[Date "2006.11.10"]
[Round "6"]
[White "Salvetti, Carlo"]
[Black "Giuliani, Andrea"]
[Result "0-1"]
[WhiteElo "1377"]
[BlackElo "1580"]
[PlyCount "104"]
[EventDate "2006.10.06"]

1. e4 e6 2. d4 d5 3. e5 c5 4. b3 cxd4 5. Qxd4 Nc6 6. Bb5 Nge7 7. Nf3 Nf5 8.
Bxc6+ bxc6 9. Qg4 Ba6 10. Qa4 Qb6 11. g4 Bb5 12. Qf4 Nh6 13. Be3 Bc5 14. Bxc5
Qxc5 15. Nd4 g5 16. Qf6 Rf8 17. Nxb5 Nxg4 18. Nd6+ Kd7 19. Nb7 Qb4+ 20. c3 Qe4+
21. Kd2 Nxf6 22. Nc5+ Kc7 23. Nxe4 Nxe4+ 24. Ke3 Nc5 25. Kd4 Nd7 26. Nd2 c5+
27. Ke3 Nxe5 28. f4 gxf4+ 29. Kxf4 Kd6 30. Rae1 Nd3+ 31. Ke3 Nxe1 32. Rxe1 Rg8
33. Rf1 f5 34. Rf4 Rg4 35. Rf3 Rag8 36. Rh3 R8g7 37. Nf1 Re4+ 38. Kd3 Re1 39.
Ne3 Ra1 40. a4 a5 41. Kc2 Ra2+ 42. Kd3 f4 43. Nf1 Rg1 44. Nd2 Rd1 45. Ke2
Raxd2+ 46. Kf3 Rd3+ 47. Kg4 Rxh3 48. Kxh3 Rd3+ 49. Kg2 Ke5 50. b4 cxb4 51. cxb4
axb4 52. a5 Ra3 0-1

[Event "C.to Provinciale BG"]
[Site "Bergamo ITA"]
[Date "2006.11.10"]
[Round "6"]
[White "Tentori, Giulio"]
[Black "Lanni, Vincenzo"]
[Result "1/2-1/2"]
[WhiteElo "1814"]
[BlackElo "1784"]
[PlyCount "66"]
[EventDate "2006.10.06"]

1. e4 g6 2. d4 Bg7 3. Nc3 d6 4. Be3 Nf6 5. Qd2 O-O 6. h3 c6 7. Bh6 b5 8. Bxg7
Kxg7 9. Bd3 Nbd7 10. Nf3 e5 11. Ne2 Re8 12. dxe5 Nxe5 13. Nxe5 dxe5 14. Qc3 Qb6
15. O-O c5 16. Ng3 c4 17. Be2 Bb7 18. Bf3 Rac8 19. a3 a5 20. Rfe1 b4 21. axb4
axb4 22. Qe3 Qxe3 23. Rxe3 Ra8 24. Rxa8 Rxa8 25. Be2 Rc8 26. Nf1 Ne8 27. Nd2
Nd6 28. f3 Rc7 29. Kf2 Bc8 30. Bf1 Be6 31. Nb1 Ra7 32. Re1 Ra2 33. Re2 Ra1
1/2-1/2

[Event "C.to Provinciale BG"]
[Site "Bergamo ITA"]
[Date "2006.11.10"]
[Round "6"]
[White "Testa, Luigi"]
[Black "Beretta, Giovanni"]
[Result "1-0"]
[WhiteElo "1572"]
[BlackElo "1532"]
[PlyCount "77"]
[EventDate "2006.10.06"]

1. e4 e5 2. Nf3 Nc6 3. Bc4 Nf6 4. Ng5 d5 5. exd5 Nxd5 6. Nxf7 Kxf7 7. Qf3+ Ke8
8. Bxd5 Qd7 9. Bxc6 Qxc6 10. Qxc6+ bxc6 11. O-O Bd6 12. d3 Be6 13. Nc3 h5 14.
Re1 h4 15. d4 Rh5 16. Ne4 Kd7 17. Nc5+ Bxc5 18. dxc5 Bd5 19. b3 Ke6 20. c4 Bxg2
21. Kxg2 Rf8 22. Re2 g5 23. Bb2 h3+ 24. Kg1 g4 25. Rae1 Rff5 26. Re4 Rhg5 27.
R1e3 a6 28. Rg3 Rf4 29. Rge3 Rff5 30. Bc1 Kf6 31. Rg3 Rg8 32. Rgxg4 Rd8 33. Re1
Rd3 34. Rge4 Rdf3 35. Be3 Rh5 36. Rg4 Kf5 37. Rg8 Rh7 38. Rf8+ Ke4 39. Bg5+ 1-0

[Event "C.to Provinciale BG"]
[Site "Bergamo ITA"]
[Date "2006.11.17"]
[Round "7"]
[White "Asperti, Fabio"]
[Black "Gucciardo, Salvatore"]
[Result "1-0"]
[WhiteElo "1637"]
[BlackElo "1560"]
[PlyCount "95"]
[EventDate "2006.10.06"]

1. c4 Nf6 2. Nc3 e6 3. e4 d5 4. e5 Nfd7 5. d4 c5 6. cxd5 cxd4 7. Qxd4 exd5 8.
Qxd5 Nc6 9. Nf3 Nb4 10. Qd1 Qe7 11. Bb5 a6 12. Qa4 axb5 13. Qxa8 Nc2+ 14. Ke2
Nb6 15. Qa5 Qc5 16. Qxb5+ Qxb5+ 17. Nxb5 Nxa1 18. Be3 Nc4 19. Rxa1 Nxb2 20.
Nd6+ Bxd6 21. exd6 Nc4 22. Rd1 Bg4 23. h3 Nxe3 24. Kxe3 Bxf3 25. Kxf3 Kd7 26.
Rb1 Rb8 27. Rb6 Ke6 28. a4 Ra8 29. d7+ Kxd7 30. Rxb7+ Ke6 31. Rb4 Rc8 32. Rb3
f5 33. a5 g5 34. a6 h5 35. a7 g4+ 36. hxg4 hxg4+ 37. Kg3 Ra8 38. Ra3 Ke5 39.
Ra5+ Ke4 40. f3+ gxf3 41. gxf3+ Ke3 42. Ra3+ Kd4 43. Kf4 Kd5 44. Kxf5 Kc6 45.
Ke6 Kb7 46. f4 Rc8 47. a8=Q+ Rxa8 48. Rxa8 1-0

[Event "C.to Provinciale BG"]
[Site "Bergamo ITA"]
[Date "2006.11.17"]
[Round "7"]
[White "Cammarota, Vittorio"]
[Black "Di Mauro, Valerio"]
[Result "0-1"]
[WhiteElo "1926"]
[BlackElo "1586"]
[PlyCount "56"]
[EventDate "2006.10.06"]

1. d4 c6 2. Nf3 d5 3. e3 Bg4 4. c4 e6 5. Qb3 Qb6 6. Nc3 Nf6 7. Ne5 Qxb3 8. axb3
Bf5 9. c5 Nbd7 10. f4 Be7 11. b4 Nxe5 12. fxe5 Nd7 13. b5 O-O 14. bxc6 bxc6 15.
Ba6 Rfb8 16. O-O Rb3 17. Be2 f6 18. exf6 Bxf6 19. Bd1 Rbb8 20. Ra6 Rc8 21. Bf3
Bd3 22. Be2 Bxa6 23. Bxa6 Rcb8 24. Ne2 e5 25. Rf3 Rb3 26. Kf2 Rf8 27. Ke1 e4
28. Rh3 Nb8 0-1

[Event "C.to Provinciale BG"]
[Site "Bergamo ITA"]
[Date "2006.11.17"]
[Round "7"]
[White "Cattaneo, Dario"]
[Black "Merletti, Vincenzo"]
[Result "1/2-1/2"]
[WhiteElo "1508"]
[BlackElo "1545"]
[PlyCount "92"]
[EventDate "2006.10.06"]

1. Nf3 d5 2. d4 Nc6 3. e3 e6 4. Bb5 Bd7 5. b3 a6 6. Bxc6 Bxc6 7. Ne5 Qd6 8. Ba3
Qd8 9. Bxf8 Kxf8 10. Nxc6 bxc6 11. Nd2 Ne7 12. Nf3 f6 13. O-O Kf7 14. h3 Kg8
15. Nh2 Kf7 16. Qf3 Rf8 17. Qh5+ Kg8 18. f4 Nf5 19. Qf3 Nd6 20. Rac1 Ne4 21.
Qd1 Qd6 22. c4 c5 23. Rf3 cxd4 24. Qxd4 c5 25. Qd1 d4 26. exd4 cxd4 27. Qe2 f5
28. Rd1 Rfd8 29. Rfd3 Qxf4 30. Rxd4 Rxd4 31. Rxd4 e5 32. Rd3 Ng5 33. c5 Qc1+
34. Qd1 Qxc5+ 35. Kh1 Ne4 36. Rd8+ Rxd8 37. Qxd8+ Kf7 38. Qd7+ Kg6 39. Nf3 Qc1+
40. Kh2 Qf4+ 41. Kg1 Ng5 42. Qd6+ Kh5 43. Nxg5 Kxg5 44. Qe7+ Kh6 45. Qd6+ Kh5
46. Qd1+ Kh6 1/2-1/2

[Event "C.to Provinciale BG"]
[Site "Bergamo ITA"]
[Date "2006.11.17"]
[Round "7"]
[White "Elsido, Massimo"]
[Black "Riva, Carlo"]
[Result "1/2-1/2"]
[WhiteElo "1790"]
[BlackElo "1601"]
[PlyCount "112"]
[EventDate "2006.10.06"]

1. e4 c5 2. c3 d6 3. d4 cxd4 4. cxd4 Nf6 5. Nc3 g6 6. Bc4 Bg7 7. Nf3 O-O 8. Qb3
Nc6 9. Ng5 e6 10. Qd1 e5 11. d5 Ne7 12. Be2 h6 13. Nf3 Bg4 14. h3 Bxf3 15. Bxf3
a6 16. g4 Nh7 17. Be3 b5 18. Qd2 g5 19. a3 Ng6 20. Na2 Nh4 21. Qd1 Qd7 22. Nb4
Rfc8 23. Nc6 Nf6 24. O-O Kh7 25. Rc1 Ng8 26. Be2 Ne7 27. Nxe7 Qxe7 28. Qd2 Qf6
29. f3 Ng6 30. Rxc8 Rxc8 31. Rc1 Qd8 32. Rxc8 Qxc8 33. Qc1 Qxc1+ 34. Bxc1 Bf6
35. a4 bxa4 36. Bxa6 Bd8 37. Be3 Kg7 38. Bb5 a3 39. bxa3 Ne7 40. Bd7 Kf8 41. h4
f6 42. hxg5 hxg5 43. Kf2 Ng6 44. Bb5 Ke7 45. Ke1 Nh4 46. Ke2 Ba5 47. Bc6 Kd8
48. Ba4 Kc7 49. Bd1 Bb6 50. Bd2 Ng2 51. Bc3 Nh4 52. Kd3 Ng2 53. Bd2 Bc5 54. a4
Kb6 55. Kc4 Ne3+ 56. Bxe3 Bxe3 1/2-1/2

[Event "C.to Provinciale BG"]
[Site "Bergamo ITA"]
[Date "2006.11.17"]
[Round "7"]
[White "Gerali, Paolo"]
[Black "Ranfagni, Stefano"]
[Result "1/2-1/2"]
[WhiteElo "1959"]
[BlackElo "2037"]
[PlyCount "102"]
[EventDate "2006.10.06"]

1. d4 e6 2. c4 f5 3. g3 Nf6 4. Nf3 Be7 5. Bg2 O-O 6. O-O d6 7. Nc3 Qe8 8. Qd3
Bd8 9. e4 e5 10. dxe5 dxe5 11. b3 fxe4 12. Nxe4 Nxe4 13. Qxe4 Nc6 14. Bb2 Bf5
15. Qd5+ Kh8 16. Rfe1 Bf6 17. Qd2 Rd8 18. Qc1 Qe6 19. a3 Rfe8 20. Ng5 Qe7 21.
Ne4 Rd3 22. Qc2 Red8 23. Rad1 Qd7 24. Rxd3 Qxd3 25. Qxd3 Rxd3 26. Nc5 Rd2 27.
Bxc6 Rxb2 28. Bxb7 h6 29. Kg2 a5 30. Be4 Be7 31. Bxf5 Bxc5 32. Rxe5 Rxf2+ 33.
Kh3 Bf8 34. Rxa5 c5 35. Be4 g5 36. Ra7 Rb2 37. Rb7 Re2 38. Bd5 Be7 39. Bf3 Re3
40. Kg2 Kg7 41. Kf2 Re5 42. a4 Kf6 43. a5 Re6 44. Rb6 Rxb6 45. axb6 Bd6 46. Kg2
Ke5 47. h3 Kd4 48. g4 Ke3 49. b7 Bc7 50. Bd5 Ke2 51. Bc6 Bb8 1/2-1/2

[Event "C.to Provinciale BG"]
[Site "Bergamo ITA"]
[Date "2006.11.17"]
[Round "7"]
[White "Gerosa, Ottavio"]
[Black "Maggioni, Oliviero"]
[Result "1-0"]
[WhiteElo "1458"]
[BlackElo "1550"]
[PlyCount "39"]
[EventDate "2006.10.06"]

1. e4 c5 2. Nf3 Nc6 3. d4 cxd4 4. Nxd4 a6 5. Nc3 Nf6 6. f4 e6 7. Be3 Bb4 8. Qd3
Ng4 9. Bd2 O-O 10. a3 Bc5 11. Nce2 e5 12. h3 Bxd4 13. Nxd4 Nxd4 14. hxg4 d6 15.
c3 Nb3 16. Qh3 h6 17. Rd1 Nc5 18. fxe5 Nxe4 19. Bxh6 Qf6 20. exf6 1-0

[Event "C.to Provinciale BG"]
[Site "Bergamo ITA"]
[Date "2006.11.17"]
[Round "7"]
[White "Giuliani, Andrea"]
[Black "Bosio, Giovanni"]
[Result "0-1"]
[WhiteElo "1580"]
[BlackElo "1643"]
[PlyCount "108"]
[EventDate "2006.10.06"]

1. f4 d5 2. Nf3 e6 3. e3 Nf6 4. b3 g6 5. Bb2 Bg7 6. Be2 O-O 7. O-O c5 8. d4 b6
9. Nbd2 Bb7 10. Ne5 Nbd7 11. Rf3 a6 12. h4 Nxe5 13. fxe5 Nd7 14. Rh3 f6 15. Nf3
fxe5 16. dxe5 Bh6 17. Nh2 Bg7 18. Nf3 Qc7 19. Ng5 Rae8 20. Bg4 Qc6 21. Rf3 Rxf3
22. Qxf3 Rf8 23. Bxe6+ Kh8 24. Qg3 h6 25. Nf7+ Kh7 26. Nd6 c4 27. Bd4 Nc5 28.
Bxc5 bxc5 29. Bf7 Rxf7 30. Nxf7 d4 31. Nd8 Qd5 32. Nxb7 Qxb7 33. exd4 cxd4 34.
Re1 c3 35. e6 Bf6 36. Qf3 Qe7 37. g3 Kg7 38. Qd5 Kf8 39. Qd7 a5 40. Qxe7+ Kxe7
41. Kf2 g5 42. hxg5 Bxg5 43. Re4 d3 44. cxd3 c2 45. Rc4 c1=Q 46. Rxc1 Bxc1 47.
Kf3 Kxe6 48. Ke4 h5 49. d4 Bb2 50. Kd3 Kd5 51. Kc2 Bxd4 52. a3 Ke4 53. b4 axb4
54. axb4 Kf3 0-1

[Event "C.to Provinciale BG"]
[Site "Bergamo ITA"]
[Date "2006.11.17"]
[Round "7"]
[White "Impellizzeri, Francesco"]
[Black "Biava, Pierluigi"]
[Result "1-0"]
[WhiteElo "1688"]
[BlackElo "1811"]
[PlyCount "119"]
[EventDate "2006.10.06"]

1. d4 e6 2. c4 f5 3. g3 Nf6 4. Bg2 Be7 5. Nh3 d6 6. Nc3 O-O 7. O-O Qe8 8. Qb3
Nc6 9. d5 Nd8 10. Nb5 Qd7 11. Ng5 exd5 12. cxd5 a6 13. Nd4 Kh8 14. Nge6 Re8 15.
Bg5 Nf7 16. Bxf6 Bxf6 17. Rac1 Bd8 18. Nxf5 Rxe6 19. dxe6 Qxe6 20. Bd5 Qxf5 21.
Bxf7 c6 22. e4 Qe5 23. Qc3 Bf6 24. Qxe5 Bxe5 25. b3 Bh3 26. Rfe1 Rf8 27. Bc4 g5
28. Bf1 Be6 29. Bg2 a5 30. Rc2 c5 31. Bf1 Bd4 32. Kg2 Bd7 33. a4 Kg7 34. Bc4
Rb8 35. f4 gxf4 36. gxf4 Kf6 37. Kf3 h5 38. f5 b5 39. axb5 Bxb5 40. Bd5 Be8 41.
Ree2 Bb5 42. Rg2 Rh8 43. Rg6+ Ke7 44. Rcg2 Be8 45. Rg8 Rxg8 46. Rxg8 Be5 47. h3
Bf7 48. Bxf7 Kxf7 49. Ra8 Bc3 50. Ra6 Ke7 51. Kf4 Bd2+ 52. Kg3 Be1+ 53. Kf3 Bc3
54. Ke3 h4 55. Kd3 Be1 56. Kc4 Bg3 57. Kd5 Kf6 58. Rxa5 Kg5 59. Ra8 Kf4 60. f6
1-0

[Event "C.to Provinciale BG"]
[Site "Bergamo ITA"]
[Date "2006.11.17"]
[Round "7"]
[White "Longo, Pietro"]
[Black "Bassis, Ivano"]
[Result "1-0"]
[WhiteElo "1772"]
[BlackElo "2023"]
[PlyCount "35"]
[EventDate "2006.10.06"]

1. d4 d5 2. c4 dxc4 3. e4 Nf6 4. Nf3 Nxe4 5. Bxc4 Nd6 6. Bb3 Bg4 7. Nc3 e6 8.
O-O Be7 9. Re1 O-O 10. d5 exd5 11. Nxd5 Nc6 12. Nxe7+ Nxe7 13. Bg5 Re8 14. Rc1
Qd7 15. Bxf7+ Kf8 16. Bxe8 Rxe8 17. Ne5 Qf5 18. Qxg4 1-0

[Event "C.to Provinciale BG"]
[Site "Bergamo ITA"]
[Date "2006.11.17"]
[Round "7"]
[White "Mangili, Riccardo"]
[Black "Luizaga, Lucas"]
[Result "1/2-1/2"]
[WhiteElo "1668"]
[BlackElo "1428"]
[PlyCount "72"]
[EventDate "2006.10.06"]

1. e4 c6 2. d4 d5 3. exd5 cxd5 4. Nf3 Nc6 5. Bd3 Nf6 6. O-O Bg4 7. c3 e5 8.
dxe5 Nxe5 9. Re1 Bd6 10. Bf4 Qc7 11. Bxe5 Bxe5 12. Nbd2 O-O 13. Rxe5 Qxe5 14.
Nxe5 Bxd1 15. Rxd1 Rfd8 16. Ndf3 Ne4 17. Nd4 Nc5 18. Bf1 Rd6 19. g3 Rad8 20.
Bg2 Na4 21. Rd2 Rb6 22. Nb3 Rbd6 23. Ng4 b6 24. Ne3 b5 25. Nd4 a6 26. Nef5 Rf6
27. Ne7+ Kf8 28. Nxd5 Rfd6 29. Nf4 b4 30. Rc2 bxc3 31. bxc3 Nxc3 32. Rxc3 Rxd4
33. Bf3 R8d7 34. Ra3 Ra7 35. Nd5 a5 36. Rb3 g6 1/2-1/2

[Event "C.to Provinciale BG"]
[Site "Bergamo ITA"]
[Date "2006.11.17"]
[Round "7"]
[White "Mazzotti, Federico"]
[Black "Molteni, Costantino"]
[Result "1-0"]
[WhiteElo "1786"]
[BlackElo "1950"]
[PlyCount "59"]
[EventDate "2006.10.06"]

1. e4 Nf6 2. Nc3 d5 3. exd5 Nxd5 4. Bc4 Nb6 5. Bb3 Nc6 6. Nf3 Bg4 7. Bxf7+ Kxf7
8. Ng5+ Kg8 9. Qxg4 Qd7 10. Qe6+ Qxe6+ 11. Nxe6 Nb4 12. Kd1 c6 13. d3 g6 14.
Be3 N6d5 15. Bd4 Nf6 16. a3 Nbd5 17. Nxd5 cxd5 18. g4 Kf7 19. Re1 Rg8 20. g5
Ne8 21. Re3 Bg7 22. Bxg7 Nxg7 23. Nxg7 Rxg7 24. Kd2 Rf8 25. Rae1 Ke8 26. R1e2
Rgf7 27. Re5 Kd7 28. Rxd5+ Kc6 29. Rde5 Rxf2 30. Re6+ 1-0

[Event "C.to Provinciale BG"]
[Site "Bergamo ITA"]
[Date "2006.11.17"]
[Round "7"]
[White "Nasoni, Paolo"]
[Black "Mora, Lorenzo"]
[Result "1/2-1/2"]
[WhiteElo "1901"]
[BlackElo "1837"]
[PlyCount "122"]
[EventDate "2006.10.06"]

1. c4 Nf6 2. Nc3 g6 3. g3 Bg7 4. Bg2 d6 5. e3 O-O 6. Nge2 Nbd7 7. d4 c6 8. O-O
e5 9. b3 Qe7 10. Ba3 Ne8 11. Rc1 f5 12. dxe5 Bxe5 13. Qd2 Nc5 14. Bxc5 dxc5 15.
Rfd1 Be6 16. Nf4 Bd6 17. h4 Rd8 18. Qe1 Nf6 19. Rd3 Bf7 20. Nce2 Bc7 21. Rcd1
Ne4 22. Bxe4 Qxe4 23. Rd7 Rc8 24. Qc3 Rfd8 25. Qf6 Qe8 26. Ne6 Qxe6 27. Rxd8+
Bxd8 28. Rxd8+ Rxd8 29. Qxd8+ Kg7 30. Qd3 a6 31. a4 b5 32. Nf4 Qe4 33. Qc3+ Kg8
34. cxb5 cxb5 35. axb5 axb5 36. Qxc5 Qb1+ 37. Kg2 Qxb3 38. Qc8+ Kg7 39. Qb7 b4
40. h5 g5 41. h6+ Kxh6 42. Qb6+ Kg7 43. Qd4+ Kg8 44. Qd8+ Kg7 45. Qxg5+ Kf8 46.
Qxf5 Kg8 47. e4 Qc2 48. Qg5+ Kf8 49. Qd8+ Kg7 50. Qd4+ Kg8 51. e5 b3 52. e6
Qc6+ 53. Kh2 Bxe6 54. Qf6 Bd7 55. Qg5+ Kf8 56. Nd5 Qe6 57. Nf4 Qb6 58. Nd3 Qb5
59. Qf6+ Kg8 60. Ne5 Be8 61. Qg5+ Kf8 1/2-1/2

[Event "C.to Provinciale BG"]
[Site "Bergamo ITA"]
[Date "2006.11.17"]
[Round "7"]
[White "Oteri, Aldo"]
[Black "Canova, Luca"]
[Result "0-1"]
[WhiteElo "1954"]
[BlackElo "2088"]
[PlyCount "70"]
[EventDate "2006.10.06"]

1. e4 e5 2. Nf3 Nc6 3. Bb5 a6 4. Ba4 Nf6 5. d4 exd4 6. O-O Be7 7. Re1 O-O 8. e5
Nd5 9. Bb3 Nb6 10. Nxd4 Nxd4 11. Qxd4 d5 12. exd6 Bxd6 13. Qe4 Nd7 14. Nc3 Nf6
15. Qh4 h6 16. Ne4 Nxe4 17. Qxe4 Qf6 18. c4 Bc5 19. Bc2 Qxf2+ 20. Kh1 Bf5 21.
Be3 Qxe1+ 22. Rxe1 Bxe4 23. Bxe4 Bxe3 24. Rxe3 Rad8 25. Bf3 Rfe8 26. Rxe8+ Rxe8
27. Kg1 c6 28. Kf2 Kf8 29. b4 Ke7 30. Ke3 Kd6+ 31. Kd4 f5 32. a4 Re1 33. c5+
Kc7 34. Kc4 g5 35. h3 g4 0-1

[Event "C.to Provinciale BG"]
[Site "Bergamo ITA"]
[Date "2006.11.17"]
[Round "7"]
[White "Sibella, Guido"]
[Black "Brambilla, Augusto"]
[Result "0-1"]
[WhiteElo "1469"]
[BlackElo "1374"]
[PlyCount "122"]
[EventDate "2006.10.06"]

1. e4 c5 2. Nf3 d6 3. h3 Nc6 4. a3 a6 5. b3 Nf6 6. Nc3 e5 7. d3 h6 8. Be2 Be7
9. Be3 d5 10. exd5 Nxd5 11. Nxd5 Qxd5 12. c4 Qd6 13. Nd2 Bf5 14. Ne4 Bxe4 15.
dxe4 Qxd1+ 16. Rxd1 Rd8 17. O-O O-O 18. Rd3 Rxd3 19. Bxd3 Rd8 20. Rd1 Bg5 21.
Bxc5 Na5 22. Bc2 Rxd1+ 23. Bxd1 Nc6 24. Bg4 Na5 25. Bd1 g6 26. g4 Nc6 27. Kg2
Be7 28. Be3 Bg5 29. Bc5 Kg7 30. Bc2 Be7 31. Bb6 Bxa3 32. Bd1 Be7 33. Kg3 g5 34.
Be2 Bd8 35. Bc5 Bc7 36. h4 f6 37. Bd1 Ba5 38. h5 Bd2 39. Kf3 Bb4 40. Bb6 Ba5
41. Bc5 Bc3 42. Kg2 Bd4 43. Ba3 b6 44. b4 Nd8 45. Ba4 Ne6 46. Bc1 Bc3 47. Bd7
Nd4 48. Be3 Bxb4 49. Bxd4 exd4 50. Ba4 Kf8 51. Kf3 Bd6 52. Ke2 Bc5 53. Kd3 Ke7
54. Bc6 Kd6 55. Bd5 Ke5 56. Bb7 a5 57. Ke2 Kf4 58. f3 a4 59. Ba6 a3 60. Bc8 a2
61. Bf5 a1=Q 0-1

[Event "C.to Provinciale BG"]
[Site "Bergamo ITA"]
[Date "2006.11.17"]
[Round "7"]
[White "Valsecchi, Alessio"]
[Black "Cambieri, Mario"]
[Result "1-0"]
[WhiteElo "2030"]
[BlackElo "1877"]
[PlyCount "47"]
[EventDate "2006.10.06"]

1. e4 e5 2. Nf3 Nc6 3. Bb5 a6 4. Ba4 Nf6 5. O-O b5 6. Bb3 Be7 7. d4 d6 8. dxe5
Nxe5 9. Nxe5 dxe5 10. Qe2 c5 11. c4 b4 12. Rd1 Qc7 13. Bg5 O-O 14. Nd2 Ng4 15.
Bxe7 Qxe7 16. Nf1 f5 17. exf5 Bxf5 18. f3 Nf6 19. Ng3 Bg6 20. Re1 Rfe8 21. Ba4
Nd7 22. Rad1 Rad8 23. Rd5 Qf7 24. Red1 1-0

[Event "C.to Provinciale BG"]
[Site "Bergamo ITA"]
[Date "2006.11.17"]
[Round "7"]
[White "Villa, Claudio"]
[Black "Mora, Paolo"]
[Result "0-1"]
[WhiteElo "1798"]
[BlackElo "2260"]
[PlyCount "74"]
[EventDate "2006.10.06"]

1. b3 e5 2. Bb2 Nc6 3. c4 Nf6 4. g3 d5 5. Bg2 Be6 6. d3 Bb4+ 7. Nd2 h6 8. a3
Bc5 9. e3 a5 10. Ngf3 Qd6 11. O-O d4 12. exd4 exd4 13. Re1 O-O 14. Ne4 Nxe4 15.
Rxe4 Bf5 16. Re2 Rfe8 17. Rxe8+ Rxe8 18. Qd2 Kf8 19. h3 g5 20. Bc1 Qe6 21. h4
f6 22. hxg5 fxg5 23. Bb2 Qe2 24. Rd1 Bg4 25. Qxe2 Rxe2 26. Bc1 Ra2 27. Rd2 Ra1
28. Rc2 Bxa3 29. Nh2 Bh5 30. Bxc6 bxc6 31. Kg2 Rxc1 32. Ra2 Bb4 33. g4 Bg6 34.
Nf3 Bxd3 35. Nxd4 Ke8 36. Nf5 Be4+ 37. f3 Rc2+ 0-1

[Event "C.to Provinciale BG"]
[Site "Bergamo ITA"]
[Date "2006.11.24"]
[Round "8"]
[White "Bassis, Ivano"]
[Black "Canova, Luca"]
[Result "0-1"]
[WhiteElo "2023"]
[BlackElo "2088"]
[PlyCount "76"]
[EventDate "2006.10.06"]

1. e4 e5 2. Nf3 Nc6 3. Bb5 Nf6 4. O-O Bc5 5. Nc3 O-O 6. Bxc6 dxc6 7. h3 Re8 8.
d3 h6 9. Qe2 a5 10. b3 b5 11. a4 b4 12. Nd1 Nh5 13. Bb2 Ng3 14. Qd2 Nxf1 15.
Kxf1 Bd4 16. Bxd4 exd4 17. Nb2 Ba6 18. Qf4 Qe7 19. Qg3 Qxe4 20. Re1 Qd5 21.
Rxe8+ Rxe8 22. Nc4 Bxc4 23. bxc4 Qd7 24. Ne5 Qe7 25. f4 c5 26. Qf3 f6 27. Qd5+
Qe6 28. Nc6 Qxd5 29. cxd5 c4 30. Nxa5 cxd3 31. cxd3 Re3 32. Nc4 Rxd3 33. a5 Ra3
34. Ke2 Ra4 35. Kd3 b3 36. a6 Rxa6 37. Kxd4 Ra4 38. Kc3 Rxc4+ 0-1

[Event "C.to Provinciale BG"]
[Site "Bergamo ITA"]
[Date "2006.11.24"]
[Round "8"]
[White "Biava, Pierluigi"]
[Black "Elsido, Massimo"]
[Result "1-0"]
[WhiteElo "1811"]
[BlackElo "1790"]
[PlyCount "85"]
[EventDate "2006.10.06"]

1. Nf3 Nf6 2. g3 g6 3. Bg2 Bg7 4. O-O Nc6 5. d4 d6 6. c3 O-O 7. Re1 Bf5 8. Nbd2
d5 9. Nh4 e6 10. h3 g5 11. Nxf5 exf5 12. Nf1 Ne4 13. f3 Nd6 14. Qb3 Qf6 15.
Qxd5 Rad8 16. Qc5 f4 17. e4 Rfe8 18. Bd2 Qh6 19. e5 Nf5 20. Re4 Nxg3 21. Nxg3
fxg3 22. h4 Qe6 23. Bxg5 Rd5 24. Qc4 h6 25. Bf4 Red8 26. Bxg3 Ne7 27. Qxc7 Nf5
28. Bf2 Kh8 29. Qc4 Bf8 30. h5 Ng7 31. Rh4 Be7 32. Rh2 Qf5 33. f4 Nxh5 34. Bxd5
Rg8+ 35. Rg2 Rxg2+ 36. Bxg2 Nxf4 37. Qf1 Qg4 38. Be3 Bg5 39. Bxf4 Bxf4 40. Qf3
Qh4 41. Qh3 Qg5 42. Kh1 Kg7 43. Bxb7 1-0

[Event "C.to Provinciale BG"]
[Site "Bergamo ITA"]
[Date "2006.11.24"]
[Round "8"]
[White "Brambilla, Augusto"]
[Black "Beretta, Giovanni"]
[Result "1-0"]
[WhiteElo "1374"]
[BlackElo "1532"]
[PlyCount "41"]
[EventDate "2006.10.06"]

1. e4 d6 2. d4 Nf6 3. Nc3 g6 4. b3 Bg7 5. Nf3 b6 6. Bc4 O-O 7. e5 dxe5 8. Nxe5
c5 9. Qf3 Qxd4 10. Qxa8 Qxe5+ 11. Be3 Bh6 12. Qf3 Rd8 13. O-O Bf8 14. Rad1 Rxd1
15. Rxd1 Bf5 16. Bf4 Be4 17. Nxe4 Qb2 18. Nxf6+ Qxf6 19. Bxb8 Qb2 20. Qxf7+ Kh8
21. Qg8# 1-0

[Event "C.to Provinciale BG"]
[Site "Bergamo ITA"]
[Date "2006.11.24"]
[Round "8"]
[White "Cambieri, Mario"]
[Black "Di Mauro, Valerio"]
[Result "1-0"]
[WhiteElo "1877"]
[BlackElo "1586"]
[PlyCount "79"]
[EventDate "2006.10.06"]

1. c4 e5 2. Nc3 d6 3. g3 f5 4. Bg2 Nf6 5. e4 c6 6. d3 Be7 7. Nf3 O-O 8. O-O Qe8
9. Bd2 fxe4 10. dxe4 Be6 11. Qb3 b5 12. Rfe1 Bxc4 13. Qc2 Qh5 14. b3 Be6 15.
Bg5 Bg4 16. Re3 Bxf3 17. Bxf6 Rxf6 18. Bxf3 Rxf3 19. Qe2 b4 20. Rxf3 Qg6 21.
Qc4+ Kh8 22. Qxb4 Qe8 23. Qb7 Nd7 24. Qxc6 Rc8 25. Qa4 Bf6 26. Nd5 Bg5 27. Rd1
Qd8 28. Rf7 Nf8 29. Rxa7 h5 30. Qa5 Qe8 31. h4 Bd8 32. Qa6 Qc6 33. Qxc6 Rxc6
34. Ra8 Ne6 35. f4 exf4 36. gxf4 Kh7 37. f5 Nc5 38. Rxd8 Nxe4 39. Re1 Nd2 40.
Nf6+ 1-0

[Event "C.to Provinciale BG"]
[Site "Bergamo ITA"]
[Date "2006.11.24"]
[Round "8"]
[White "Impellizzeri, Francesco"]
[Black "Villa, Claudio"]
[Result "0-1"]
[WhiteElo "1688"]
[BlackElo "1798"]
[PlyCount "76"]
[EventDate "2006.10.06"]

1. d4 d5 2. c4 dxc4 3. Nf3 Nf6 4. e3 g6 5. Bxc4 Bg7 6. Nc3 O-O 7. O-O c6 8. h3
b5 9. Bb3 Bb7 10. Qe2 Nbd7 11. e4 a6 12. Rd1 e6 13. Bg5 Qc7 14. Qe3 Rfe8 15.
Rac1 Qb6 16. Qd2 a5 17. Be3 Qa6 18. e5 Nd5 19. Ne4 Nxe3 20. Qxe3 a4 21. Bc2 Qb6
22. Nd6 Rf8 23. Be4 Ra6 24. Rc2 Ba8 25. Rdc1 Nb8 26. Ne1 f6 27. f4 Bh6 28. exf6
Rxf6 29. Nd3 e5 30. Ne8 Rf8 31. Nxe5 Bxf4 32. Qxf4 Rxf4 33. Nxg6 Qxd4+ 34. Kh1
Rxe4 35. Rf1 Rxe8 36. Nf4 Rf8 37. Rcf2 c5 38. h4 Raf6 0-1